Štatistická ročenka Slovenskej republiky 1994

Salvato in:
Dettagli Bibliografici
Natura: Libro
Lingua:slovacco
Pubblicazione: Bratislava : Veda, 1995
Edizione:1.vyd.
Soggetti:
Tags: Aggiungi Tag
Nessun Tag, puoi essere il primo ad aggiungerne!!

MARC

LEADER 00000nam a22000003a 4500
001 stu8311
005 20150408162629.9
008 951204s1995----xo------------------slo-d
020 |a 80-224-0444-6 
040 |a STU  |b slo 
041 0 |a slo 
044 |a xo 
080 |a 311.313(437) 
245 |a Štatistická ročenka Slovenskej republiky 1994 
250 |a 1.vyd. 
260 |a Bratislava :  |b Veda,  |c 1995 
300 |a 585 s 
650 7 |a štatistika  |2 stusub 
996 |b 284EK07378  |c E*80270  |l EE0101  |s P  |a 0  |w stu8311_0001